Language Quiz

Random Language or Latin Quiz
Score 0/40 Timer 10:00
0 Plays Today
% Correct
coronarum
77.5%
re
71.3%
luna
71.3%
amans
67.4%
anno
65.7%
quaerens
64%
pugnans
61.8%
dolore
61.8%
tace
61.2%
dierum
60.1%
sequens
59.6%
fi
57.9%
cura
57.3%
hominum
53.4%
ignium
51.7%
aedifica
50%
dixerunt
48.3%
exercituum
43.8%
tristi puellae
41.6%
videbatur
41%
% Correct
debebatur
39.9%
cogitaverunt
38.2%
tulerunt
38.2%
iens
37.6%
sciebatur
36.5%
dabatur
36.5%
cultro
35.4%
coquebatur
35.4%
nautae pulchro
33.7%
deleam
33.7%
colligam
33.1%
vocem
32.6%
sim
32%
longo flumini
31.5%
militi audaci
30.3%
draconi dormienti
28.1%
locuti sunt
27%
minati sunt
26.4%
mentiar
25.8%
potire
18%
Remove Ads.
Support Sporcle.
Get the best of Sporcle when you Go Orange. This ad-free experience offers more features, more stats, and more fun while also helping to support Sporcle. Thank you for becoming a member.

You're not logged in!

Compare scores with friends on all Sporcle quizzes.
OR
Log In

Sporcle TV

Today on Sporcle TV


Watch our educational content, quiz creation guides, and fun videos on Sporcle TV.

Show Comments

Extras

Top Quizzes Today


Score Distribution

Paid Content

Your Account Isn't Verified!

In order to create a playlist on Sporcle, you need to verify the email address you used during registration. Go to your Sporcle Settings to finish the process.

Report this User

Report this user for behavior that violates our Community Guidelines.

Details: